Central Library OPAC University of Rajshahi

Physical geography of China / (Record no. 23244)

MARC details
000 -LEADER
fixed length control field 00816pam a2200265 a 4500
001 - CONTROL NUMBER
control field 23244
003 - CONTROL NUMBER IDENTIFIER
rucl marc code BD-RjUL
005 - DATE AND TIME OF LATEST TRANSACTION
control field 20211209000917.0
008 - FIXED-LENGTH DATA ELEMENTS--GENERAL INFORMATION
fixed length control field 140310s1986 nyuabf b 000 0 eng
020 ## - INTERNATIONAL STANDARD BOOK NUMBER
International Standard Book Number 0471095974 (Wiley)
035 ## - SYSTEM CONTROL NUMBER
System control number (BD-RjUL)23309
040 ## - CATALOGING SOURCE
Original cataloging agency DLC
Transcribing agency DLC
Modifying agency BD-RjUL
Language of cataloging eng
041 ## - LANGUAGE CODE
Language code of text/sound track or separate title eng
082 00 - DEWEY DECIMAL CLASSIFICATION NUMBER
Classification number 915.102
Edition number 19
Author mark and year SOP 1986
100 1# - MAIN ENTRY--PERSONAL NAME
Personal name Songqiao, Zhao.
9 (RLIN) 71644
245 10 - TITLE STATEMENT
Title Physical geography of China /
Statement of responsibility, etc. Zhao Songqiao.
260 ## - PUBLICATION, DISTRIBUTION, ETC. (IMPRINT)
Place of publication, distribution, etc. Beijing, China ;
Name of publisher, distributor, etc. Science Press ;
Place of publication, distribution, etc. New York, N.Y. :
Name of publisher, distributor, etc. Wiley,
Date of publication, distribution, etc. c1986.
300 ## - PHYSICAL DESCRIPTION
Pagination 209 p., [26] p. of plates :
Illustrations ill. (some col.), maps ;
Size 28 cm.
500 ## - GENERAL NOTE
General note Maps on lining papers.
504 ## - BIBLIOGRAPHY, ETC. NOTE
Bibliography, etc Includes bibliographies.
650 #0 - SUBJECT ADDED ENTRY--TOPICAL TERM
Topical term or geographic name as entry element Physical geography
Geographic subdivision China.
9 (RLIN) 33059
942 ## - ADDED ENTRY ELEMENTS (KOHA)
Source of classification or shelving scheme Dewey Decimal Classification
Koha item type Books
Holdings
Lost status Source of classification or shelving scheme Damaged status Not for loan Collection code Permanent Location Current Location Shelving location Date acquired Source of acquisition Total Checkouts Full call number Date last seen Copy number Koha item type
  Dewey Decimal Classification   Added to bundle Non-fiction Central Library, University of Rajshahi Central Library, University of Rajshahi Reading Room 23/05/1989 Asia Foundation   915.102 SOP 1986 10/03/2014 C-1 Books